Chaîne de mots de 5 lettres - Géographie - Statistiques

Statistiques générales
  • Ce quiz a été pris 13 471 fois
  • Le résultat moyen est 13 sur 30
Statistiques - réponses
Indice Mot % Correct
Capitale marocaine Rabat
85%
En opposition à l'aval Amont
84%
Capitale bulgare Sofia
83%
Elle arrose Troyes et Rouen Seine
80%
Direction sur la boussole Ouest
78%
Plus long fleuve entièrement en France Loire
73%
Fleuve d'Afrique donnant son nom à un virus Ebola
69%
Seul pays au drapeau non rectangulaire Népal
68%
La Mecque des influenceurs Dubaï
66%
Plus grande ville en Centre-Val de Loire Tours
61%
Massif d'Afrique du Nord Atlas
60%
Plus grande ville saoudienne Riyad
48%
Cinquième pays le plus vaste d'Afrique Tchad
48%
Région autonome chinoise Tibet
48%
Ajoutez lui "ia" pour trouver son voisin du sud Niger
46%
Préfecture de Meurthe-et-Moselle Nancy
40%
C'est un type d'embouchure Delta
38%
Patrie de Nukuʻalofa Tonga
36%
Péninsule égyptienne en Asie Sinaï
31%
Île néerlandaise des Caraïbes Aruba
28%
État américain surnommé "The Gem State" Idaho
27%
Elle fut capitale des Omeyyades Damas
25%
Région semi-aride entre Sahara et savanes Sahel
23%
Capitale de Nauru Yaren
18%
Neuvième ville d'Allemagne, dans la Ruhr Essen
17%
Traditionnellement appelée Smyrne Izmir
16%
Premier fleuve du Pakistan Indus
15%
Plus grande île des Philippines Luçon
15%
Province historique et archipel finlandais Åland
11%
Chaîne montagneuse où l'Ob prend source Altaï
7%
Aucun quiz correspondant
Distribution des résultats
% des personnes avec chaque résultat
Percentile par nombre de réponses
Votre historique - résultats
Vous n’avez pas pris ce quiz